000 00745nam a2200253 a 4500
001 BRCA_7688
005 20190320205939.0
008 160813s1961----sp-ae#####---#000-0#eng-#
041 _aeng
044 _asp
050 4 _aDP402.S48
_b.L34 1961
100 1 _aLaffon, Rafael
_918985
245 1 0 _aSeville
_cRafael Laffon ; english translation by John Forrester.
250 _a4
260 _aBarcelona
_bNoguer
_c1961
300 _a46 p.
_bil., mapas, planos
_c19 cm.
440 0 _aAndar y Ver, Guides to Spain
_918986
500 _aU27
520 3 _aPractical information supplement to the guide to Seville
651 4 _aSevilla, EspaƱa
_xDescripción
_918987
700 1 _aForrester, John
_etr.
_918988
902 _aGFM
942 _2lcc
_cB
999 _c7362
_d7362